000 00315nam a22001337a 4500
008 181217b xxu||||| |||| 00| 0 eng d
020 _a9780071494304
041 _aeng
080 _a610
100 _a4
101 _aSHM
245 _a2008 Currebt Medical Diagnosis Treatment
_cStephen.J.M
942 _2udc
_cBK
999 _c53217
_d53217